[Event "WJCC U20 Open 2019"]
[Site "New Delhi"]
[Date "2019.10.21"]
[Round "7.36"]
[White "Sterck, Arno"]
[Black "Winkelman, Albert"]
[Result "0-1"]
[WhiteElo "2331"]
[BlackElo "2143"]
[Annotator "NA"]
[PlyCount "68"]
[EventDate "2019.10.15"]
[EventType "swiss"]
[EventCountry "IND"]
[SourceTitle "playchess.com"]
[Source "ChessBase"]
[SourceQuality "1"]
[TimeControl "40/5400+30:1800+30"]

1. e4 {[%emt 0:00:00]} c5 {[%emt 0:00:00]} 2. d4 {[%emt 0:00:30]} cxd4 {[%emt 0:00:00]} 3. c3 {[%emt 0:00:03]} dxc3 {[%emt 0:00:22]} 4. Nxc3 {[%emt 0:00:05]} Nc6 {[%emt 0:02:30]} 5. Nf3 {[%emt 0:00:08]} d6 {[%emt 0:02:48]} 6. Bc4 {[%emt 0:00:08]} e6 {[%emt 0:01:31]} 7. O-O {[%emt 0:00:09]} Be7 {[%emt 0:01:38]} 8. Qe2 {[%emt 0:00:14]} Nf6 {[%emt 0:00:53]} 9. Rd1 {[%emt 0:00:08]} Qc7 {[%emt 0:27:13]} 10. Nb5 {[%emt 0:07:54]} Qb8 {[%emt 0:00:21]} 11. Bf4 {[%emt 0:00:27]} Ne5 {[%emt 0:10:39]} 12. Nxd6+ {[%emt 0:51:05]} Bxd6 {[%emt 0:00:14]} 13. Rxd6 {[%emt 0:00:03]} Qxd6 {[%emt 0:00:10]} 14. Nxe5 {[%emt 0:00:06]} Qd4 {[%emt 0:17:14]} 15. Bb5+ {[%emt 0:02:03]} Ke7 {[%emt 0:00:12]} 16. Rd1 {[%emt 0:03:05]} Qxe4 {[%emt 0:00:29]} 17. Bd2 {[%emt 0:06:56]} a5 {[%emt 0:02:45]} 18. Bxa5 {[%emt 0:01:32]} Rxa5 {[%emt 0:00:12]} 19. Qd2 {[%emt 0:00:06]} Nd5 {[%emt 0:00:15]} 20. Qg5+ {[%emt 0:01:10]} Kd6 {[%emt 0:15:55]} 21. Nc4+ {[%emt 0:08:29]} Kc7 {[%emt 0:00:12]} 22. Nxa5 {[%emt 0:00:08]} Qb4 {[%emt 0:02:30]} 23. Qxg7 {[%emt 0:12:36]} Rd8 {[%emt 0:00:15]} 24. Qxf7+ {[%emt 0:04:01]} Kb8 {[%emt 0:00:06]} 25. Nc6+ {[%emt 0:00:48]} bxc6 {[%emt 0:00:16]} 26. Bxc6 {[%emt 0:00:05]} Ne7 {[%emt 0:01:17]} 27. Rc1 {[%emt 0:00:57]} Qd2 {[%emt 0:01:02]} 28. Rf1 {[%emt 0:00:28]} Nxc6 {[%emt 0:00:07]} 29. Qxh7 {[%emt 0:00:04]} Ba6 {[%emt 0:00:20]} 30. Qe4 {[%emt 0:00:49]} Bxf1 {[%emt 0:01:46]} 31. Qxc6 {[%emt 0:00:03]} Ba6 {[%emt 0:00:10]} 32. h4 {[%emt 0:00:58]} Qe1+ {[%emt 0:00:37]} 33. Kh2 {[%emt 0:00:04]} Qe5+ {[%emt 0:00:10]} 34. g3 {[%emt 0:00:03]} Bb7 {[%emt 0:00:07]} 0-1

[Event "WJCC U20 Open 2019"]
[Site "New Delhi"]
[Date "2019.10.21"]
[Round "7.37"]
[White "Vatsal Singhania"]
[Black "Garidmagnai, Byambasuren"]
[Result "0-1"]
[WhiteElo "2157"]
[BlackElo "2327"]
[Annotator "TA"]
[PlyCount "122"]
[EventDate "2019.10.15"]
[EventType "swiss"]
[EventCountry "IND"]
[SourceTitle "playchess.com"]
[Source "ChessBase"]
[SourceQuality "1"]

{[%evp 11,122,14,18,13,14,0,0,0,0,0,0,-23,0,0,0,0,0,0,0,0,0,0,0,0,0,0,0,-8,-2,-4,-2,-17,-11,0,19,16,40,30,37,0,0,0,0,0,0,-141,-130,-124,-128,-127,-162,-157,-161,-155,-152,-142,-148,-120,-116,-117,-54,-256,-270,-255,-257,-228,-241,-281,-295,-261,-156,-177,-150,-179,-185,-178,-157,-137,0,0,0,0,0,0,16,-144,284,0,0,-152,0,0,0,-177,0,-343,-334,-345,-316,-691,-691,-649,-640,-609,-485,-1702,-1300,-12833,-6291,-29990,-29989,-29992,-29992]} 1. e4 e6 2. d4 d5 3. Nd2 c5 4. Ngf3 Nf6 5. exd5 Nxd5 6. Nb3 Nd7 7. c4 {C07: French Tarrasch: 3...c5, 4 Ngf3 and 4 exd5 Qxd5} (7. Be2 Qc7 8. dxc5 Nxc5 9. Nbd4 a6 10. O-O Be7 11. Nf5 Bf6 12. c4 exf5 13. cxd5 Ne4 14. Qb3 O-O {0-1 (40) Haslinger,S (2535)-Short,N (2692) England 2013}) 7... N5f6 8. Be2 Qc7 9. O-O {The position is equal.} b6 10. dxc5 bxc5 11. Be3 $146 ({Predecessor:} 11. g3 Be7 12. Re1 Bb7 13. Bf1 O-O 14. Bf4 Qb6 {0-1 (65) Donzellotti,G (2244)-Sanz,P (2240) LSS email 2008}) 11... a5 {[%cal Ba7a5,Ba5a4][%mdl 32]} 12. h3 a4 13. Nbd2 {[%cal Bb3d2,Bd2b1,Bb1c3][%mdl 32]} Bb7 14. Nb1 Be7 15. Nc3 O-O 16. Nxa4 Rfd8 17. Nc3 Ne5 18. Nb5 Qb8 19. Qb3 Nxf3+ 20. Bxf3 Bxf3 $40 {[%mdl 128] Black has some attack.} 21. gxf3 Qe5 22. Rfd1 Rdb8 23. Qc2 h6 24. b3 Ra6 25. a4 Qh5 $1 26. Kg2 e5 27. Rg1 Nh7 28. Qe4 (28. a5 $11) 28... Rg6+ $17 29. Kh2 Ng5 $1 30. Bxg5 Bxg5 31. Rg4 Bf4+ 32. Kg2 {Black must now prevent Rxg6.} f5 $1 {[%cal Rf5e4]} 33. Qd5+ Kh7 34. Rxg6 Qxg6+ 35. Kf1 Qh5 (35... e4 $17 36. fxe4 fxe4) 36. Qd3 $2 (36. Re1 $15) 36... Re8 $1 $19 ({But not} 36... Qxh3+ 37. Ke2 $17) 37. Nc3 Qxh3+ 38. Ke2 Qh5 $1 39. Qd6 Bg5 $1 40. Qxc5 Be7 (40... Qh3 $19 41. Qc7 (41. Qb5 $2 e4 $19) 41... e4) 41. Qe3 $17 {next Kd3 is good for White.} e4 $1 42. Kd2 exf3 43. Kc2 {aiming for Re1.} Bf6 44. Qf4 {[#]} Be5 (44... Qg4 $1 $17 {[%cal Rg4f4]} 45. Qxg4 fxg4) 45. Qd2 $1 $11 Qh4 {And now ...Bxc3 would win.} 46. Rd1 {With the idea Qe3.} Bf4 47. Qd4 {Strongly threatening b4.} Qh2 $1 {Threatens to win with ...Be3.} 48. Rf1 $2 {[#]} (48. b4 $11) 48... Re5 $2 {[%mdl 8192]} (48... Be3 $1 $17 {[%cal Re3d4] stays on course.} 49. Qd3 Qg2) 49. Qd3 $2 (49. b4 $18) 49... Qg2 50. Kb1 $2 (50. b4 $11 Bg3 51. c5 Bxf2 52. Kb3) 50... Kg6 $2 (50... Bd2 $17 {Hoping for ...Bxc3.} 51. Kc2 Be1) 51. Qd1 Bg5 52. Qd6+ $2 (52. Re1 $11 Rxe1 53. Qxe1) 52... Kh7 $2 (52... Bf6 $19 53. Qd1 Kh7) 53. Qd3 $2 {[%mdl 8192]} (53. Rd1 $11 {and White is okay.} Re2 54. Qd5 Rxf2 55. Qxf5+ Kh8 56. Qf8+ Kh7 57. Qf5+ Kh8 58. Qf8+ Kh7 59. Qf5+) 53... Kh8 $19 54. Qd1 Bh4 55. Re1 $2 (55. a5) 55... Rxe1 56. Qxe1 {and if Nd1 works, White does fine.} Bxf2 57. Qe6 Qg4 58. Ka2 (58. Kc2 $142 Bd4 59. Nd1) 58... Bd4 59. Nd5 Qe4 60. Qf7 f2 61. Ne7 Qe2+ {Accuracy: White = 44%, Black = 78%.} 0-1

[Event "WJCC U20 Open 2019"]
[Site "New Delhi"]
[Date "2019.10.21"]
[Round "7.38"]
[White "Li, William"]
[Black "Muradli, Mahammad"]
[Result "0-1"]
[WhiteElo "2161"]
[BlackElo "2459"]
[Annotator "ChessBase"]
[PlyCount "128"]
[EventDate "2019.10.15"]
[EventType "swiss"]
[EventCountry "IND"]
[SourceTitle "playchess.com"]
[Source "ChessBase"]
[SourceQuality "1"]
[TimeControl "40/5400+30:1800+30"]

1. d4 Nf6 2. c4 e6 3. Nf3 d5 4. g3 dxc4 5. Bg2 Bb4+ 6. Bd2 a5 7. Na3 Bxa3 8. bxa3 b5 9. Ne5 Nd5 10. e4 Nb6 11. d5 O-O 12. Be3 f6 13. Nc6 Nxc6 14. dxc6 Na4 15. e5 Nb2 16. Qxd8 Rxd8 17. O-O Ba6 18. Rab1 c3 19. exf6 gxf6 20. Rfc1 b4 21. Bf1 Bxf1 22. Kxf1 Rdb8 23. Ke2 Nc4 24. axb4 axb4 25. Kd3 Nb2+ 26. Kc2 Rxa2 27. Ra1 Rxa1 28. Rxa1 Nc4 29. Kb3 Nxe3 30. fxe3 Rb6 31. Rd1 Rxc6 32. Kxb4 c2 33. Rc1 Kg7 34. Kb5 Rc3 35. Kb4 Rxe3 36. Rxc2 Kg6 37. Kc4 h5 38. Kd4 Ra3 39. Ke4 h4 40. Kf4 hxg3 41. hxg3 Ra4+ 42. Kf3 Ra7 43. Ke4 Ra3 44. Kf4 e5+ 45. Kg4 f5+ 46. Kh4 Ra4+ 47. Kh3 Ra7 48. Rc6+ Kg5 49. Kg2 Ra2+ 50. Kf3 e4+ 51. Ke3 Rg2 52. Rxc7 Rxg3+ 53. Kf2 Ra3 54. Rh7 Kg4 55. Rg7+ Kf4 56. Rf7 Ra2+ 57. Kf1 Kg4 58. Ke1 f4 59. Rh7 e3 60. Kf1 Kf3 61. Rh3+ Kg4 62. Rh8 f3 63. Rg8+ Kh5 64. Rh8+ Kg6 0-1

[Event "WJCC U20 Open 2019"]
[Site "New Delhi"]
[Date "2019.10.21"]
[Round "7.39"]
[White "Muthaiah AL"]
[Black "Cansun, Can Alp"]
[Result "1-0"]
[WhiteElo "2370"]
[BlackElo "2199"]
[Annotator "NA"]
[PlyCount "90"]
[EventDate "2019.10.15"]
[EventType "swiss"]
[EventCountry "IND"]
[SourceTitle "playchess.com"]
[Source "ChessBase"]
[SourceQuality "1"]
[TimeControl "40/5400+30:1800+30"]

1. d4 {[%emt 0:00:00]} Nf6 {[%emt 0:00:00]} 2. c4 {[%emt 0:00:04]} e6 {[%emt 0:00:00]} 3. Nf3 {[%emt 0:00:17]} b6 {[%emt 0:00:00]} 4. Nc3 {[%emt 0:01:42]} Bb4 {[%emt 0:00:36]} 5. Bd2 {[%emt 0:00:23]} Bb7 {[%emt 0:00:07]} 6. e3 {[%emt 0:00:49]} O-O {[%emt 0:00:51]} 7. Be2 {[%emt 0:00:55]} Bxc3 {[%emt 0:01:59]} 8. Bxc3 {[%emt 0:00:28]} Ne4 {[%emt 0:00:26]} 9. Rc1 {[%emt 0:01:36]} d6 {[%emt 0:02:55]} 10. O-O {[%emt 0:02:04]} f5 {[%emt 0:02:31]} 11. Be1 {[%emt 0:10:26]} Nd7 {[%emt 0:03:52]} 12. Nd2 {[%emt 0:04:31]} Qg5 {[%emt 0:06:08]} 13. d5 {[%emt 0:06:30]} e5 {[%emt 0:07:08]} 14. f4 {[%emt 0:04:22]} Qe7 {[%emt 0:06:38]} 15. Nxe4 {[%emt 0:04:44]} fxe4 {[%emt 0:00:04]} 16. b4 {[%emt 0:01:20]} exf4 {[%emt 0:07:44]} 17. exf4 {[%emt 0:02:12]} Nf6 {[%emt 0:04:50]} 18. Bc3 {[%emt 0:03:16]} Bc8 {[%emt 0:19:33]} 19. Bd4 {[%emt 0:09:24]} a5 {[%emt 0:11:47]} 20. b5 {[%emt 0:01:41]} Nd7 {[%emt 0:05:37]} 21. Rc3 {[%emt 0:00:54]} Nf6 {[%emt 0:04:34]} 22. Re3 {[%emt 0:03:47]} Bd7 {[%emt 0:00:49]} 23. g4 {[%emt 0:01:24]} Rf7 {[%emt 0:03:43]} 24. g5 {[%emt 0:03:12]} Ne8 {[%emt 0:01:00]} 25. Bg4 {[%emt 0:01:55]} g6 {[%emt 0:03:01]} 26. Be6 {[%emt 0:09:36]} Bxe6 {[%emt 0:00:55]} 27. Rxe4 {[%emt 0:00:01]} Bg4 {[%emt 0:00:33]} 28. Rxe7 {[%emt 0:00:32]} Bxd1 {[%emt 0:00:09]} 29. Rxf7 {[%emt 0:00:09]} Kxf7 {[%emt 0:01:27]} 30. Rxd1 {[%emt 0:00:07]} Ng7 {[%emt 0:00:39]} 31. Bxg7 {[%emt 0:00:53]} Kxg7 {[%emt 0:00:02]} 32. Re1 {[%emt 0:00:21]} Kf7 {[%emt 0:01:01]} 33. Kg2 {[%emt 0:00:46]} Re8 {[%emt 0:02:52]} 34. Rxe8 {[%emt 0:00:37]} Kxe8 {[%emt 0:00:02]} 35. Kg3 {[%emt 0:00:42]} Kf7 {[%emt 0:00:06]} 36. Kg4 {[%emt 0:00:13]} Kg7 {[%emt 0:00:59]} 37. f5 {[%emt 0:00:12]} Kf7 {[%emt 0:00:06]} 38. h4 {[%emt 0:00:07]} Kg7 {[%emt 0:00:33]} 39. h5 {[%emt 0:00:16]} a4 {[%emt 0:00:59]} 40. a3 {[%emt 0:00:32]} Kf7 {[%emt 0:00:26]} 41. fxg6+ {[%emt 0:30:41]} hxg6 {[%emt 0:30:08]} 42. hxg6+ {[%emt 0:00:06]} Kxg6 {[%emt 0:00:29]} 43. Kf4 {[%emt 0:00:08]} Kg7 {[%emt 0:00:05]} 44. Kf5 {[%emt 0:00:09]} Kf7 {[%emt 0:00:04]} 45. g6+ {[%emt 0:00:10]} Ke7 {[%emt 0:00:05]} 1-0

[Event "WJCC U20 Open 2019"]
[Site "New Delhi"]
[Date "2019.10.21"]
[Round "7.40"]
[White "De Silva, L M S T"]
[Black "Raahul V S"]
[Result "0-1"]
[WhiteElo "1879"]
[BlackElo "2262"]
[Annotator "NA"]
[PlyCount "82"]
[EventDate "2019.10.15"]
[EventType "swiss"]
[EventCountry "IND"]
[SourceTitle "playchess.com"]
[Source "ChessBase"]
[SourceQuality "1"]
[TimeControl "40/5400+30:1800+30"]

1. e4 e5 2. Nf3 Nc6 3. Bc4 Nf6 4. d3 Bc5 5. O-O O-O 6. c3 d6 7. Bb3 a5 8. Nbd2 b5 9. Re1 a4 10. Bc2 Ng4 11. Re2 f5 12. h3 Nf6 13. Nf1 fxe4 14. dxe4 Qe8 15. Be3 Bxe3 16. Rxe3 Ne7 17. b3 Nh5 18. c4 bxc4 19. bxc4 Qg6 20. Kh2 Nf4 21. Ng3 Qh6 22. Kg1 g5 23. Nh2 Bxh3 24. Ng4 Bxg4 25. Qxg4 Nc6 26. Nf5 Qh5 27. Qg3 Kh8 28. Bd1 Qg6 29. Qh2 Nd4 30. g3 Nfe6 31. Rc1 g4 32. Nxd4 exd4 33. Rd3 Qxe4 34. Bc2 Ng5 35. Ra3 Qe2 36. Bd3 Nh3+ 37. Kh1 Nxf2+ 38. Kg1 Nh3+ 39. Kh1 Qf3+ 40. Qg2 Nf2+ 41. Kh2 Nxd3 0-1

[Event "WJCC U20 Open 2019"]
[Site "New Delhi"]
[Date "2019.10.21"]
[Round "7.41"]
[White "Maltezeanu, Stefan"]
[Black "Wagh Suyog"]
[Result "0-1"]
[WhiteElo "2102"]
[BlackElo "2229"]
[Annotator "NA"]
[PlyCount "92"]
[EventDate "2019.10.15"]
[EventType "swiss"]
[EventCountry "IND"]
[SourceTitle "playchess.com"]
[Source "ChessBase"]
[SourceQuality "1"]
[TimeControl "40/5400+30:1800+30"]

1. e4 {[%emt 0:00:00]} c5 {[%emt 0:00:00]} 2. Nf3 {[%emt 0:00:00]} d6 {[%emt 0:00:00]} 3. d4 {[%emt 0:00:08]} cxd4 {[%emt 0:00:17]} 4. Nxd4 {[%emt 0:00:06]} Nf6 {[%emt 0:00:03]} 5. Nc3 {[%emt 0:00:16]} a6 {[%emt 0:00:05]} 6. Bg5 {[%emt 0:00:08]} Nbd7 {[%emt 0:00:05]} 7. Bc4 {[%emt 0:00:05]} e6 {[%emt 0:04:49]} 8. f3 {[%emt 0:03:07]} b5 {[%emt 0:03:57]} 9. Bb3 {[%emt 0:01:42]} Nc5 {[%emt 0:03:17]} 10. Qd2 {[%emt 0:02:02]} Bb7 {[%emt 0:22:42]} 11. O-O-O {[%emt 0:01:40]} Be7 {[%emt 0:02:16]} 12. h4 {[%emt 0:00:11]} Rc8 {[%emt 0:09:20]} 13. Kb1 {[%emt 0:02:20]} O-O {[%emt 0:06:35]} 14. g4 {[%emt 0:02:25]} b4 {[%emt 0:08:05]} 15. Na4 {[%emt 0:08:43]} Qa5 {[%emt 0:15:20]} 16. Nxc5 {[%emt 0:01:12]} dxc5 {[%emt 0:01:19]} 17. e5 {[%emt 0:15:56]} cxd4 {[%emt 0:00:14]} 18. exf6 {[%emt 0:00:22]} gxf6 {[%emt 0:00:03]} 19. Bh6 {[%emt 0:01:22]} Rfd8 {[%emt 0:03:11]} 20. g5 {[%emt 0:08:20]} Kh8 {[%emt 0:06:22]} 21. Rhg1 {[%emt 0:15:07]} Qb5 {[%emt 0:02:43]} 22. Rde1 {[%emt 0:08:45]} d3 {[%emt 0:03:06]} 23. Bg7+ {[%emt 0:01:25]} Kxg7 {[%emt 0:01:51]} 24. gxf6+ {[%emt 0:00:05]} Kf8 {[%emt 0:02:01]} 25. Qh6+ {[%emt 0:07:46]} Ke8 {[%emt 0:00:01]} 26. fxe7 {[%emt 0:00:11]} dxc2+ {[%emt 0:00:21]} 27. Bxc2 {[%emt 0:02:01]} Kxe7 {[%emt 0:00:01]} 28. Bb3 {[%emt 0:02:52]} Qf5+ {[%emt 0:01:10]} 29. Ka1 {[%emt 0:00:10]} Rg8 {[%emt 0:02:09]} 30. Rxg8 {[%emt 0:02:57]} Rxg8 {[%emt 0:00:01]} 31. Qd2 {[%emt 0:00:11]} Qc5 {[%emt 0:01:44]} 32. Rd1 {[%emt 0:02:49]} Bxf3 {[%emt 0:00:37]} 33. Qd7+ {[%emt 0:03:27]} Kf6 {[%emt 0:00:01]} 34. Re1 {[%emt 0:05:58]} Rg1 {[%emt 0:00:25]} 35. Qd2 {[%emt 0:00:54]} Rxe1+ {[%emt 0:02:07]} 36. Qxe1 {[%emt 0:00:04]} Bh5 {[%emt 0:00:21]} 37. a4 {[%emt 0:01:00]} bxa3 {[%emt 0:00:36]} 38. Qf1+ {[%emt 0:00:14]} Kg7 {[%emt 0:00:20]} 39. Qg2+ {[%emt 0:00:12]} Bg6 {[%emt 0:00:10]} 40. Ka2 {[%emt 0:00:24]} axb2 {[%emt 0:00:55]} 41. Qxb2+ {[%emt 0:30:05]} e5 {[%emt 0:30:04]} 42. Qe2 {[%emt 0:00:11]} Qa5+ {[%emt 0:00:32]} 43. Kb2 {[%emt 0:00:05]} Qb5 {[%emt 0:00:04]} 44. Qg4 h5 {[%emt 0:00:08]} 45. Qg5 {[%emt 0:01:28]} a5 {[%emt 0:00:59]} 46. Ka3 {[%emt 0:00:22]} Qb4+ {[%emt 0:00:00]} 0-1

[Event "WJCC U20 Open 2019"]
[Site "New Delhi"]
[Date "2019.10.21"]
[Round "7.42"]
[White "Dahanayake, Isara Banidu"]
[Black "Doluweera, Minul Sanjula"]
[Result "0-1"]
[WhiteElo "1771"]
[BlackElo "2191"]
[Annotator "NA"]
[PlyCount "104"]
[EventDate "2019.10.15"]
[EventType "swiss"]
[EventCountry "IND"]
[SourceTitle "playchess.com"]
[Source "ChessBase"]
[SourceQuality "1"]
[TimeControl "40/5400+30:1800+30"]

1. e4 {[%emt 0:00:00]} d5 {[%emt 0:00:00]} 2. exd5 {[%emt 0:00:45]} Qxd5 {[%emt 0:01:01]} 3. Nc3 {[%emt 0:00:09]} Qd6 {[%emt 0:00:03]} 4. d4 {[%emt 0:01:08]} Nf6 {[%emt 0:00:05]} 5. Nf3 {[%emt 0:02:14]} g6 {[%emt 0:00:07]} 6. Nb5 {[%emt 0:16:03]} Qb6 {[%emt 0:03:47]} 7. c4 {[%emt 0:01:16]} c6 {[%emt 0:00:42]} 8. Nc3 {[%emt 0:04:01]} Bg7 {[%emt 0:00:47]} 9. h3 {[%emt 0:02:15]} O-O {[%emt 0:01:01]} 10. Bd3 {[%emt 0:10:23]} Nbd7 {[%emt 0:00:19]} 11. Qc2 {[%emt 0:03:28]} c5 {[%emt 0:13:19]} 12. d5 {[%emt 0:14:16]} e5 {[%emt 0:07:02]} 13. dxe6 {[%emt 0:09:45]} Qxe6+ {[%emt 0:00:02]} 14. Be3 {[%emt 0:04:05]} b6 {[%emt 0:02:03]} 15. O-O {[%emt 0:04:35]} Bb7 {[%emt 0:00:30]} 16. Rfe1 {[%emt 0:10:12]} Bxf3 {[%emt 0:11:20]} 17. Bxc5 {[%emt 0:06:31]} Ne5 {[%emt 0:04:36]} 18. Bxf8 {[%emt 0:00:52]} Bxf8 {[%emt 0:19:41]} 19. Nb5 {[%emt 0:05:25]} Rd8 {[%emt 0:04:56]} 20. Qc3 {[%emt 0:01:26]} Rxd3 {[%emt 0:03:53]} 21. Qxd3 {[%emt 0:00:45]} Nxd3 {[%emt 0:00:02]} 22. Rxe6 {[%emt 0:00:02]} fxe6 {[%emt 0:00:22]} 23. gxf3 {[%emt 0:00:04]} Nxb2 {[%emt 0:03:47]} 24. Nxa7 {[%emt 0:01:02]} Nxc4 {[%emt 0:00:14]} 25. Re1 {[%emt 0:01:04]} e5 {[%emt 0:05:15]} 26. Rc1 {[%emt 0:00:25]} Nd2 {[%emt 0:01:36]} 27. Rc3 {[%emt 0:00:35]} Bc5 {[%emt 0:06:12]} 28. Rd3 {[%emt 0:00:34]} Nc4 {[%emt 0:00:48]} 29. Rc3 {[%emt 0:00:18]} Na5 {[%emt 0:01:25]} 30. Rd3 {[%emt 0:00:40]} Kf7 {[%emt 0:00:53]} 31. Kg2 {[%emt 0:00:38]} Ke6 {[%emt 0:00:09]} 32. Nb5 {[%emt 0:00:13]} Nc6 {[%emt 0:00:56]} 33. Nc3 {[%emt 0:00:39]} Nh5 {[%emt 0:00:18]} 34. Rd1 {[%emt 0:00:24]} Nf4+ {[%emt 0:00:26]} 35. Kg3 {[%emt 0:00:09]} Nd4 {[%emt 0:03:44]} 36. Ne4 {[%emt 0:00:11]} Nde2+ {[%emt 0:00:12]} 37. Kh2 {[%emt 0:00:41]} Bd4 {[%emt 0:00:19]} 38. Rd2 {[%emt 0:01:10]} Nc3 {[%emt 0:01:17]} 39. Nxc3 {[%emt 0:00:30]} Bxc3 {[%emt 0:00:02]} 40. Rc2 {[%emt 0:00:12]} Bd4 {[%emt 0:00:34]} 41. Rc7 {[%emt 0:30:36]} h5 {[%emt 0:30:25]} 42. Kg3 {[%emt 0:00:44]} Kd6 {[%emt 0:03:57]} 43. Rc2 {[%emt 0:00:00]} Ke6 {[%emt 0:00:00]} 44. Rc6+ {[%emt 0:00:00]} Kf5 {[%emt 0:00:00]} 45. Rc2 {[%emt 0:00:00]} Nd3 {[%emt 0:00:00]} 46. Rd2 {[%emt 0:00:00]} Nxf2 {[%emt 0:00:00]} 47. Kg2 {[%emt 0:00:00]} h4 {[%emt 0:00:00]} 48. a4 {[%emt 0:00:00]} Kf4 {[%emt 0:00:00]} 49. Re2 {[%emt 0:00:00]} g5 {[%emt 0:00:00]} 50. Re1 {[%emt 0:00:00]} Nd3 {[%emt 0:00:00]} 51. Re4+ {[%emt 0:00:00]} Kf5 {[%emt 0:00:00]} 52. Re2 {[%emt 0:00:00]} Nf4+ {[%emt 0:00:00]} 0-1

[Event "WJCC U20 Open 2019"]
[Site "New Delhi"]
[Date "2019.10.21"]
[Round "7.43"]
[White "Davis, Holden"]
[Black "Aravena Navarro, Alexis Andres"]
[Result "0-1"]
[WhiteElo "1817"]
[BlackElo "2023"]
[Annotator "NA"]
[PlyCount "68"]
[EventDate "2019.10.15"]
[EventType "swiss"]
[EventCountry "IND"]
[SourceTitle "playchess.com"]
[Source "ChessBase"]
[SourceQuality "1"]
[TimeControl "40/5400+30:1800+30"]

1. e4 {[%emt 0:00:00]} c5 {[%emt 0:00:00]} 2. d4 {[%emt 0:00:39]} cxd4 {[%emt 0:00:02]} 3. c3 {[%emt 0:00:06]} Nf6 {[%emt 0:00:45]} 4. e5 {[%emt 0:00:20]} Nd5 {[%emt 0:00:10]} 5. Nf3 {[%emt 0:00:05]} Nc6 {[%emt 0:00:26]} 6. cxd4 {[%emt 0:02:19]} d6 {[%emt 0:02:11]} 7. Bc4 {[%emt 0:05:55]} Nb6 {[%emt 0:00:33]} 8. Bb5 {[%emt 0:01:49]} Bd7 {[%emt 0:01:26]} 9. Nc3 {[%emt 0:05:16]} e6 {[%emt 0:12:59]} 10. O-O {[%emt 0:03:54]} Nb4 {[%emt 0:00:14]} 11. a3 {[%emt 0:05:06]} Bxb5 {[%emt 0:09:04]} 12. Nxb5 {[%emt 0:00:10]} N4d5 {[%emt 0:00:46]} 13. Bg5 {[%emt 0:04:32]} Qd7 {[%emt 0:00:08]} 14. Qe2 {[%emt 0:04:55]} h6 {[%emt 0:03:31]} 15. Bd2 {[%emt 0:08:46]} a6 {[%emt 0:07:29]} 16. Nxd6+ {[%emt 0:01:27]} Bxd6 {[%emt 0:00:13]} 17. exd6 {[%emt 0:00:04]} O-O {[%emt 0:01:13]} 18. Ne5 {[%emt 0:00:51]} Qxd6 {[%emt 0:00:11]} 19. Qg4 {[%emt 0:06:47]} Nf6 {[%emt 0:10:14]} 20. Qh4 {[%emt 0:01:24]} Nbd5 {[%emt 0:00:02]} 21. a4 {[%emt 0:05:01]} Ne7 {[%emt 0:18:41]} 22. Rfd1 {[%emt 0:15:37]} Nf5 {[%emt 0:00:22]} 23. Qh3 {[%emt 0:00:39]} Rfd8 {[%emt 0:07:18]} 24. Bc3 {[%emt 0:06:37]} Rac8 {[%emt 0:01:13]} 25. Nf3 {[%emt 0:03:20]} Nd5 {[%emt 0:01:18]} 26. Bd2 {[%emt 0:05:10]} Rc4 {[%emt 0:01:31]} 27. b3 {[%emt 0:02:21]} Rc2 {[%emt 0:02:22]} 28. Ne5 {[%emt 0:07:38]} b5 {[%emt 0:02:24]} 29. axb5 {[%emt 0:00:04]} axb5 {[%emt 0:00:01]} 30. Ra7 {[%emt 0:00:30]} Rdc8 {[%emt 0:03:19]} 31. g4 {[%emt 0:01:12]} Rxd2 {[%emt 0:00:40]} 32. Rxd2 {[%emt 0:01:46]} Rc1+ {[%emt 0:00:09]} 33. Kg2 {[%emt 0:00:10]} Nf4+ {[%emt 0:00:10]} 34. Kf3 {[%emt 0:00:05]} Qd5+ {[%emt 0:00:56]} 0-1

[Event "WJCC U20 Open 2019"]
[Site "New Delhi"]
[Date "2019.10.21"]
[Round "7.44"]
[White "Sivathanujan, S."]
[Black "Lama, Milan"]
[Result "0-1"]
[WhiteElo "1766"]
[BlackElo "1976"]
[Annotator "NA RC"]
[PlyCount "68"]
[EventDate "2019.10.15"]
[EventType "swiss"]
[EventCountry "IND"]
[SourceTitle "playchess.com"]
[Source "ChessBase"]
[SourceQuality "1"]
[TimeControl "40/5400+30:1800+30"]

1. e4 {[%emt 0:00:00]} c5 {[%emt 0:00:00]} 2. Nf3 {[%emt 0:00:00]} Nc6 {[%emt 0:00:00]} 3. d4 {[%emt 0:00:23]} cxd4 {[%emt 0:00:00]} 4. Nxd4 {[%emt 0:00:05]} g6 {[%emt 0:00:00]} 5. Be3 {[%emt 0:00:11]} Bg7 {[%emt 0:00:06]} 6. Nc3 {[%emt 0:00:10]} Nf6 {[%emt 0:00:06]} 7. f3 {[%emt 0:02:23]} O-O {[%emt 0:00:12]} 8. Nb3 {[%emt 0:03:15]} a5 {[%emt 0:02:14]} 9. a4 {[%emt 0:01:46]} Nb4 {[%emt 0:01:02]} 10. Qd2 {[%emt 0:00:56]} d5 11. O-O-O {[%emt 0:00:43]} Be6 {[%emt 0:06:59]} 12. Nc5 {[%emt 0:01:28]} b6 {[%emt 0:06:12]} 13. Nxe6 {[%emt 0:04:19]} fxe6 {[%emt 0:00:05]} 14. g4 {[%emt 0:01:19]} Rc8 {[%emt 0:02:08]} 15. g5 {[%emt 0:06:49]} Nh5 {[%emt 0:02:07]} 16. Bh3 {[%emt 0:00:21]} Rxc3 {[%emt 0:10:34]} 17. Bxe6+ {[%emt 0:00:41]} Kh8 {[%emt 0:01:43]} 18. bxc3 {[%emt 0:07:03]} Na2+ {[%emt 0:00:15]} 19. Kb2 {[%emt 0:04:03]} Bxc3+ {[%emt 0:01:59]} 20. Qxc3+ {[%emt 0:00:06]} Nxc3 {[%emt 0:00:07]} 21. Bd4+ {[%emt 0:00:04]} Ng7 {[%emt 0:04:12]} 22. Bxc3 {[%emt 0:00:08]} Qd6 {[%emt 0:32:10]} 23. Bxd5 {[%emt 0:01:05]} Qf4 {[%emt 0:02:25]} 24. h4 {[%emt 0:04:25]} h5 {[%emt 0:02:24]} 25. gxh6 {[%emt 0:01:59]} Qxh6 {[%emt 0:00:06]} 26. h5 {[%emt 0:00:39]} g5 {[%emt 0:10:59]} 27. Bb3 {[%emt 0:01:50]} Kh7 {[%emt 0:05:08]} 28. Rd7 {[%emt 0:01:06]} Rxf3 {[%emt 0:01:51]} 29. Be5 {[%emt 0:03:12]} Rxb3+ {[%emt 0:01:31]} 30. cxb3 {[%emt 0:00:11]} Qe6 {[%emt 0:00:39]} 31. Rd5 {[%emt 0:00:07]} Qg4 {[%emt 0:01:26]} 32. Bc3 {[%emt 0:01:36]} Qg2+ {[%emt 0:00:59]} 33. Ka3 {[%emt 0:00:11]} Qxh1 {[%emt 0:00:13]} 34. Rxg5 {[%emt 0:00:33]} Qc1+ {[%emt 0:00:07]} 0-1